000 00770nam a2200253Ia 4500
999 _c5629
_d5629
001 30880
003 GBCCL
005 20241126110546.0
008 820415q19001932nyu 000 0 eng d
035 _a(OCoLC)08337806
040 _aIHT
_cIHT
049 _aLBBK
082 _a232
_bBEL
092 _a232
_bB442
100 1 _aBellett, John Gifford,
_d1795-1864.
_910183
245 1 2 _aA short meditation on the moral glory of the Lord Jesus Christ /
_cby J.G. Bellett.
250 _a12th ed.
260 _aBombay :
_bGospel literature service,
_c1975
300 _a80 p. ;
_c19 cm.
500 _aOn cover: The moral glory of the Lord Jesus.
600 0 0 _aJesus Christ
_xCharacter
_xMeditations.
_910184
740 4 1 _aThe moral glory of the Lord Jesus.
942 _2ddc
_cBK